000
00313nam a22001337a 4500
008
180119b xxu||||| |||| 00| 0 eng d
020
_a
9780965411134
041
_a
eng
080
_a
37
100
_a
46
101
_a
EDU
245
_a
Structures of the cognitive performance modes
_c
Allen,C.K
942
_2
udc
_c
BK
999
_c
40585
_d
40585